000 01620nam a22002417a 4500
001 9720
003 FISKH
005 20260130114433.0
008 260130b cb ||||| |||| 00| 0 eng d
020 _a9781409150763
040 _aFISKH
_beng
_cFISKH
_dFISKH
050 _aPZ7 .A9529
082 _a813.6
100 _aAveyard, Victoria
245 _aKing's cage /
_cVictoria Aveyard
260 _aLondon :
_bOrion,
_c2017
300 _a512 pages :
_bmaps ;
_c20 cm
490 _aRed Queen :
_vBook Three
520 _aIn this breathless third installment to Victoria Aveyard's #1 New York Times bestselling Red Queen series, rebellion is rising and allegiances will be tested on every side. Perfect for fans of George R.R. Martin's Game of Thrones series. Mare Barrow is a prisoner, powerless without her lightning, tormented by her lethal mistakes. She lives at the mercy of a boy she once loved, a boy made of lies and betrayal. Now a king, Maven Calore continues weaving his dead mother's web in an attempt to maintain control over his country-and his prisoner. As Mare bears the weight of Silent Stone in the palace, her once-ragtag band of new bloods and Reds continue organizing, training, and expanding. They prepare for war, no longer able to linger in the shadows. And Cal, the exiled prince with his own claim on Mare's heart, will stop at nothing to bring her back. When blood turns on blood, and ability on ability, there may be no one left to put out the fire-leaving Norta as Mare knows it to burn all the way down.
650 _aFantasy
_vFiction
_xRebellion
942 _2ddc
_cBK
_n0
999 _c9720
_d9720